Sjezdové lyžování

Uložené v:
Podrobná bibliografia
Médium: Kniha
Jazyk:Czech
Vydavateľské údaje: Praha Olympia 1984
Vydanie:3. přeprac. a dopln. vyd.
Tagy: Pridať tag
Žiadne tagy, Buďte prvý, kto otaguje tento záznam!

MARC

LEADER 00000nam a2200000 4500
001 c109194
005 20260123084221.4
041 0 |a cze 
044 |a CZ 
245 1 0 |a Sjezdové lyžování  |c Jan Maršík, Vladimír Příbramský 
250 |a 3. přeprac. a dopln. vyd. 
264 1 |a Praha  |b Olympia  |c 1984 
300 |a 118 s.